Tuyển tập truyện ngắn /

Akutagava được coi là bậc thầy ưu tú của truyện ngắn. Nhiều truyện của ông đã được dịch ra các thứ tiếng Anh, Pháp... Cuốn sách giới thiệu một số truyện như: Cổng thành Raxiômôn, Kêxa và Môritô, sợi tơ nhện...

Tallennettuna:
Bibliografiset tiedot
Päätekijä: Akutagava.
Muut tekijät: Phong Vũ (dịch.)
Aineistotyyppi: Kirja
Kieli:Vietnamese
Julkaistu: Hà Nội : Hội nhà văn, 2000.
Aiheet:
Tagit: Lisää tagi
Ei tageja, Lisää ensimmäinen tagi!
Thư viện lưu trữ: Mạng thư viện Đại học Đà Nẵng
LEADER 01147cam a2200349 i 4500
001 000046778
003 6286
005 20030911085422.0
008 010302b2000 vm 000 vie
020 |c 31000 
040 |a IRC  |c IRC  |d IRC 
041 1 |a vie 
082 1 4 |a 895.6  |b AKU- 
100 1 |a Akutagava. 
245 0 0 |a Tuyển tập truyện ngắn /  |c Akutagava ; Phong Vũ dịch. 
260 |a Hà Nội :  |b Hội nhà văn,  |c 2000. 
300 |a 357tr. ;  |c 19cm. 
520 3 |a Akutagava được coi là bậc thầy ưu tú của truyện ngắn. Nhiều truyện của ông đã được dịch ra các thứ tiếng Anh, Pháp... Cuốn sách giới thiệu một số truyện như: Cổng thành Raxiômôn, Kêxa và Môritô, sợi tơ nhện... 
630 0 4 |a Truyện ngắn. 
630 0 4 |a Văn học Nhật Bản. 
650 0 4 |a Truyện ngắn Nhật. 
700 1 |a Phong Vũ,  |e dịch. 
OWN |a DUT 
999 |a From the UDN01 
TYP |a Monograph 
TYP |a Printed language 
980 |a Mạng thư viện Đại học Đà Nẵng